| 000 | 00524cab a2200193 4500 | ||
|---|---|---|---|
| 001 | WB3045-85 | ||
| 008 | 090401t1994 xxu||||| |||| 00| 0 eng d | ||
| 035 | _a(Sirsi) u16859 | ||
| 041 | _aeng | ||
| 245 | _aLondon toll roads | ||
| 260 | _c1994 | ||
| 350 | _a0 | ||
| 490 |
_aEvening Standard _v1 December 1994, 20(1) |
||
| 520 | _aThe government is believed to be hesitating over pricing for London road use. | ||
| 650 | _aROAD PRICING | ||
| 690 | _aTRANSPORT AND COMMUNICATIONS | ||
| 942 | _n0 | ||
| 948 | _c04/03/1997 | ||
| 999 |
_c11161 _d11161 |
||